00589nam a2200193 450000500170000000800410001701000140005802000250007203500130009703700150011004000180012508200080014310000150015124500530016626000510021927000610027030000300033165000340036119970905091730.0700514s1968 enka 000 0 eng  aENG-92381 c99.00a9788172454609 aEN-75914 bDBAD / PUB adplbEnglish  a485 aPaul, D.S. aGoodwill's word power made easy /cby D.S. Paul  aNew Delhi bGoodwill Publishing House c(200?) aB-3, Rattan Jyoti, 18 Rajender PlacebNew Delhi e110008 aviii, 520p. c18cm (pbk)  aEnglish languagexVocabulary.